| 000 | 003830000a22001450004500 | ||
|---|---|---|---|
| 003 | LK-CoMWRAF | ||
| 008 | 230817t ||||| |||| 00| 0 eng d | ||
| 040 |
_aLK-CoMWRAF _dLK-CoMWRAF _eLK-CoMWRAF |
||
| 041 | _aeng | ||
| 082 |
_a170 _bISL |
||
| 245 |
_aIslam, Gender and Women's Rights: An Alternative View _b |
||
| 260 |
_aMalaysia _bSisters in Islam _1993 |
||
| 300 | _ap.84 | ||
| 942 | _cBK | ||
| 999 |
_c266 _d266 |
||